[Event "Euskadi-chT (Vasca) Div Honor"]
[Site "Bergara"]
[Date "2015.01.10"]
[Round "1.2"]
[White "Cruz Lopez Claret, Carlos"]
[Black "Gomez Esteban, Juan Mario"]
[Result "1/2-1/2"]
[WhiteElo "2301"]
[BlackElo "2446"]
[PlyCount "45"]
[EventDate "2015.01.10"]
[EventType "team-tourn"]
[EventRounds "9"]
[EventCountry "ESP"]
[SourceTitle "EXT 2024"]
[Source "ChessBase"]
[SourceDate "2023.10.10"]
[SourceVersion "1"]
[SourceVersionDate "2023.10.10"]
[SourceQuality "1"]

1. d4 Nf6 2. c4 e6 3. Nc3 Bb4 4. e3 0-0 5. Nge2 d5 6. a3 Be7 7. cxd5 Nxd5 8. Bd2 Nxc3 9. Bxc3 b6 10. Nf4 Bb7 11. Bd3 Nd7 12. Qh5 Nf6 13. Qh3 Bd6 14. Nh5 Nxh5 15. Qxh5 f5 16. 0-0-0 Qe7 17. f3 c5 18. Kb1 cxd4 19. Bxd4 Rac8 20. Rc1 e5 21. Rxc8 Bxc8 22. Bc3 Be6 23. Rd1 1/2-1/2

[Event "Euskadi-chT (Vasca) Div Honor"]
[Site "Bergara"]
[Date "2014.01.11"]
[Round "1.5"]
[White "Olaizola Ortega, Luis"]
[Black "Gomez Esteban, Juan Mario"]
[Result "0-1"]
[WhiteElo "2194"]
[BlackElo "2470"]
[PlyCount "60"]
[EventDate "2014.01.11"]
[EventType "team-tourn"]
[EventRounds "9"]
[EventCountry "ESP"]
[SourceTitle "EXT 2024"]
[Source "ChessBase"]
[SourceDate "2023.10.10"]
[SourceVersion "1"]
[SourceVersionDate "2023.10.10"]
[SourceQuality "1"]

1. d4 Nf6 2. Nf3 b6 3. Bf4 Bb7 4. e3 e6 5. Bd3 Be7 6. Nbd2 Nh5 7. Bg3 d6 8. c3 Nd7 9. e4 g6 10. Qe2 a6 11. 0-0-0 c5 12. Kb1 b5 13. e5 d5 14. dxc5 Nxc5 15. Bc2 Qc7 16. Nd4 Rb8 17. f4 Na4 18. Qf3 Nxg3 19. hxg3 Bc6 20. Rc1 Bd7 21. g4 Kd8 22. Rh3 Qb6 23. N2b3 b4 24. cxb4 Qxb4 25. Qd3 Bc5 26. Rd1 a5 27. Qa6 Nxb2 28. a3 Qc4 29. Nxc5 Nxd1+ 30. Nb7+ Kc8 0-1

[Event "Benasque op 33rd"]
[Site "Benasque"]
[Date "2013.07.09"]
[Round "6"]
[White "Gomez Esteban, Juan Mario"]
[Black "Illescas Cordoba, Miguel Angel"]
[Result "1-0"]
[WhiteElo "2462"]
[BlackElo "2613"]
[PlyCount "105"]
[EventDate "2013.07.04"]
[EventType "swiss"]
[EventRounds "10"]
[EventCountry "ESP"]
[SourceTitle "CBM 155 Extra"]
[Source "ChessBase"]
[SourceDate "2013.08.26"]
[SourceVersion "1"]
[SourceVersionDate "2013.08.26"]
[SourceQuality "1"]

1. e4 c5 2. Nf3 e6 3. c3 Nf6 4. e5 Nd5 5. d4 cxd4 6. cxd4 d6 7. Bd3 Nb4 8. Be2 dxe5 9. dxe5 Qxd1+ 10. Kxd1 Be7 11. a3 Nd5 12. Bd2 0-0 13. Nc3 Nxc3+ 14. Bxc3 b6 15. Nd4 Bb7 16. Bf3 Bxf3+ 17. Nxf3 Na6 18. Rc1 Rfc8 19. Ke2 Nc7 20. Bd2 Nd5 21. Rxc8+ Rxc8 22. Rc1 Rxc1 23. Bxc1 b5 24. Nd4 a6 25. Nc6 Bc5 26. Be3 Nxe3 27. fxe3 Bb6 28. Kd3 Kf8 29. Nb4 a5 30. Nc6 Ke8 31. Nd4 Bc7 32. Ke4 b4 33. axb4 axb4 34. Nc6 f5+ 35. exf6 gxf6 36. h3 Bd6 37. Kd3 Kd7 38. Nd4 f5 39. Kc4 Bf8 40. Nc2 Kd6 41. Nxb4 Ke5 42. Nc2 Ke4 43. b4 Bxb4 44. Kxb4 Kd3 45. Kc5 Kxc2 46. Kd6 Kd3 47. Kxe6 Ke4 48. Kf6 Kxe3 49. Kxf5 Kf2 50. h4 Kxg2 51. h5 Kf3 52. h6 Ke3 53. Kf6 1-0

[Event "ESP-chT CECLUB Honor"]
[Site "Leon"]
[Date "2012.11.07"]
[Round "3.3"]
[White "Hernando Pertierra, Jose Carlos"]
[Black "Gomez Esteban, Juan Mario"]
[Result "1/2-1/2"]
[WhiteElo "2375"]
[BlackElo "2466"]
[PlyCount "63"]
[EventDate "2012.11.05"]
[EventType "team-tourn"]
[EventRounds "7"]
[EventCountry "ESP"]
[SourceTitle "EXT 2013"]
[Source "ChessBase"]
[SourceDate "2012.11.22"]
[SourceVersion "1"]
[SourceVersionDate "2012.11.22"]
[SourceQuality "1"]
[WhiteTeam "Equigoma Social Catolica"]
[BlackTeam "Sestao"]
[WhiteTeamCountry "ESP"]
[BlackTeamCountry "ESP"]

1. Nf3 d5 2. g3 c5 3. Bg2 Nf6 4. 0-0 g6 5. c4 d4 6. b4 cxb4 7. a3 bxa3 8. d3 Nc6 9. Bxa3 Bg7 10. Nbd2 0-0 11. Qc2 Rb8 12. Nb3 b6 13. Bb2 Ne8 14. Qd2 Bb7 15. c5 Nc7 16. cxb6 axb6 17. Rfc1 Nb5 18. Rc4 Qd7 19. Rac1 Rfc8 20. h4 h6 21. h5 gxh5 22. Kh2 Nd6 23. R4c2 Nf5 24. Bh3 Qd5 25. Nc5 bxc5 26. Rxc5 Qd6 27. Bxf5 e6 28. Bh3 Ne7 29. Ba3 Rxc5 30. Bxc5 Qd8 31. Bxe7 Qxe7 32. Qf4 1/2-1/2

[Event "Euskadi-ch"]
[Site "Zornotza"]
[Date "2012.04.15"]
[Round "7"]
[White "Gonzalez de la Torre, Santiago"]
[Black "Gomez Esteban, Juan Mario"]
[Result "1-0"]
[WhiteElo "2440"]
[BlackElo "2471"]
[PlyCount "101"]
[EventDate "2012.04.09"]
[EventType "swiss"]
[EventRounds "7"]
[EventCountry "ESP"]
[SourceTitle "CBM 147 Extra"]
[Source "ChessBase"]
[SourceDate "2012.04.24"]
[SourceVersion "1"]
[SourceVersionDate "2012.04.24"]
[SourceQuality "1"]

1. d4 d5 2. c4 c6 3. Nf3 Nf6 4. e3 Bf5 5. Nc3 a6 6. Qb3 Ra7 7. Bd2 h6 8. Rc1 e6 9. c5 Nbd7 10. Na4 Be7 11. Be2 0-0 12. 0-0 Ne4 13. Be1 Bf6 14. Kh1 Re8 15. Ng1 Be7 16. f3 Nef6 17. Qc3 Bf8 18. g4 Bg6 19. Bg3 Qe7 20. Rce1 e5 21. Bd1 Qe6 22. h3 Nh7 23. Kh2 e4 24. Ne2 exf3 25. Nf4 Qe7 26. Nxg6 fxg6 27. e4 dxe4 28. Bxf3 Ng5 29. Bg2 Nf6 30. Nb6 Qd8 31. Kh1 Kh7 32. Nc4 Ra8 33. Be5 Nd7 34. Bf4 Be7 35. Bxg5 Bxg5 36. Nd6 Re7 37. Bxe4 Nf8 38. Qb3 Bf6 39. Qd3 Qd7 40. Re2 Kh8 41. Ref2 Ne6 42. Bxg6 b6 43. b4 a5 44. a3 axb4 45. axb4 bxc5 46. dxc5 Rb8 47. Qd2 Rf8 48. Bc2 Ng5 49. Qd3 Qe6 50. h4 Qxg4 51. hxg5 1-0

[Event "Euskadi-ch"]
[Site "Zornotza"]
[Date "2012.04.14"]
[Round "6"]
[White "Gomez Esteban, Juan Mario"]
[Black "Etchegaray, Patrice"]
[Result "1/2-1/2"]
[WhiteElo "2471"]
[BlackElo "2408"]
[PlyCount "62"]
[EventDate "2012.04.09"]
[EventType "swiss"]
[EventRounds "7"]
[EventCountry "ESP"]
[SourceTitle "CBM 147 Extra"]
[Source "ChessBase"]
[SourceDate "2012.04.24"]
[SourceVersion "1"]
[SourceVersionDate "2012.04.24"]
[SourceQuality "1"]

1. d4 Nf6 2. c4 c5 3. d5 e6 4. Nc3 exd5 5. cxd5 d6 6. e4 g6 7. h3 Bg7 8. Nf3 0-0 9. Bd3 b5 10. Bxb5 Nxe4 11. Nxe4 Qa5+ 12. Nfd2 Qxb5 13. Nxd6 Qa6 14. N2c4 Nd7 15. 0-0 Ne5 16. Nxc8 Raxc8 17. Nxe5 Bxe5 18. Re1 Qf6 19. Rb1 Rfd8 20. b3 Bd4 21. Be3 Rxd5 22. Qc2 Rcd8 23. Rbd1 Bxe3 24. fxe3 Rxd1 25. Rxd1 Rxd1+ 26. Qxd1 Qc3 27. Qd8+ Kg7 28. Qe7 Qa1+ 29. Kh2 Qxa2 30. Qe5+ Kg8 31. Qe8+ Kg7 1/2-1/2

[Event "Euskadi-ch"]
[Site "Zornotza"]
[Date "2012.04.12"]
[Round "4"]
[White "Gomez Esteban, Juan Mario"]
[Black "Franco Alonso, Alejandro"]
[Result "1/2-1/2"]
[WhiteElo "2471"]
[BlackElo "2449"]
[PlyCount "113"]
[EventDate "2012.04.09"]
[EventType "swiss"]
[EventRounds "7"]
[EventCountry "ESP"]
[SourceTitle "CBM 147 Extra"]
[Source "ChessBase"]
[SourceDate "2012.04.24"]
[SourceVersion "1"]
[SourceVersionDate "2012.04.24"]
[SourceQuality "1"]

1. d4 Nf6 2. c4 g6 3. g3 c6 4. Bg2 d5 5. cxd5 cxd5 6. Nc3 Bg7 7. Nf3 0-0 8. Ne5 Bf5 9. 0-0 Ne4 10. Nxe4 Bxe4 11. Bxe4 dxe4 12. Qa4 Qd5 13. Rd1 Rd8 14. Bf4 Nd7 15. Nxd7 Rxd7 16. Rac1 b6 17. Be3 Rad8 18. Rd2 h5 19. h4 Bf6 20. b3 Kg7 21. Qc6 Qf5 22. Kg2 Rd5 23. Rdc2 Qg4 24. f3 exf3+ 25. exf3 Qf5 26. Qc7 Bxd4 27. Qxe7 Bxe3 28. Qxe3 Rd3 29. Qf2 g5 30. hxg5 Qxg5 31. Re1 h4 32. Ree2 R8d4 33. Rc4 Rxc4 34. bxc4 hxg3 35. Qxg3 Kf6 36. Qxg5+ Kxg5 37. Kg3 Ra3 38. Rc2 Ra5 39. Rd2 Kf5 40. Re2 f6 41. Rd2 Ke5 42. Kg4 Ra4 43. Re2+ Kd4 44. Kf5 Kd3 45. Rh2 Rxc4 46. f4 Rc6 47. Rh6 Ke3 48. Rxf6 Rxf6+ 49. Kxf6 Kxf4 50. Ke6 Ke4 51. Kd6 Kd4 52. Kc6 Kc4 53. Kb7 a5 54. Kxb6 Kb4 55. a3+ Ka4 56. Ka6 Kxa3 57. Kxa5 1/2-1/2

[Event "ESP-ch Autonomicas"]
[Site "Gijon"]
[Date "2011.05.02"]
[Round "6.1"]
[White "Mascaro March, Pedro"]
[Black "Gomez Esteban, Juan Mario"]
[Result "1/2-1/2"]
[WhiteElo "2396"]
[BlackElo "2477"]
[PlyCount "79"]
[EventDate "2011.04.29"]
[EventType "team-swiss"]
[EventRounds "6"]
[EventCountry "ESP"]
[SourceTitle "CBM 142 Extra"]
[Source "ChessBase"]
[SourceDate "2011.06.27"]
[SourceVersion "1"]
[SourceVersionDate "2011.06.27"]
[SourceQuality "1"]
[WhiteTeam "Baleares"]
[BlackTeam "Pais Vasco"]
[WhiteTeamCountry "ESP"]
[BlackTeamCountry "ESP"]

1. d4 Nf6 2. c4 e6 3. Nc3 d5 4. Nf3 Be7 5. Bg5 0-0 6. e3 h6 7. Bh4 b6 8. Be2 Bb7 9. Bxf6 Bxf6 10. cxd5 exd5 11. b4 c6 12. 0-0 Nd7 13. Qb3 Re8 14. Rfd1 a5 15. bxa5 Rxa5 16. a4 Be7 17. Rab1 Bd6 18. Bd3 Bc7 19. Qc2 Nf6 20. Re1 Ra8 21. h3 Re7 22. Qb3 Ne4 23. Bxe4 dxe4 24. Ne5 c5 25. Rbd1 Qc8 26. Nc4 cxd4 27. exd4 Re6 28. d5 Rg6 29. Nxe4 Qf5 30. Qd3 Rd8 31. d6 Bxd6 32. Ncxd6 Rdxd6 33. Qxd6 Bxe4 34. Qd8+ Kh7 35. g3 Qxh3 36. Rxe4 Rxg3+ 37. fxg3 Qxg3+ 38. Kf1 Qf3+ 39. Kg1 Qg3+ 40. Kf1 1/2-1/2

[Event "Euskadi-ch"]
[Site "Zornotza"]
[Date "2011.04.28"]
[Round "7"]
[White "Gomez Esteban, Juan Mario"]
[Black "Diaz Herrero, Alvaro"]
[Result "1/2-1/2"]
[WhiteElo "2477"]
[BlackElo "2126"]
[PlyCount "112"]
[EventDate "2011.04.23"]
[EventType "swiss"]
[EventRounds "7"]
[EventCountry "ESP"]
[SourceTitle "EXT 2018"]
[Source "ChessBase"]
[SourceDate "2017.10.13"]
[SourceVersion "1"]
[SourceVersionDate "2017.10.13"]
[SourceQuality "1"]

1. d4 Nf6 2. c4 c5 3. d5 e6 4. Nc3 exd5 5. cxd5 d6 6. e4 g6 7. h3 Bg7 8. Nf3 0-0 9. Bd3 b5 10. Bxb5 Nxe4 11. Nxe4 Qa5+ 12. Nfd2 Qxb5 13. Nxd6 Qa6 14. N2c4 Nd7 15. 0-0 Nb6 16. Nxb6 Qxb6 17. Nxc8 Raxc8 18. Rb1 Rfd8 19. Bf4 Qb7 20. d6 Bf8 21. Qd3 Bxd6 22. Bxd6 Rc6 23. Rfd1 Rcxd6 24. Qxd6 Rxd6 25. Rxd6 c4 26. Rd2 c3 27. Rc2 Qe4 28. Rbc1 cxb2 29. Rxb2 h5 30. Rbc2 Qa4 31. Re2 h4 32. Rce1 a5 33. Rb1 Kg7 34. Rb3 Qd4 35. Rbe3 Qd1+ 36. Re1 Qc2 37. a3 Qa4 38. Rf3 f5 39. Rc3 Kh6 40. Re6 Kh5 41. Re1 Qd4 42. Rec1 Qa4 43. Kh1 Qd4 44. Re3 Qd2 45. Rf1 Qd4 46. Kg1 Qa4 47. Rc1 Qd4 48. Rec3 Qa4 49. Re1 Qd4 50. Rce3 Qa4 51. g3 hxg3 52. Rxg3 Qd7 53. Rge3 Qd2 54. R1e2 Qd1+ 55. Re1 Qd2 56. R1e2 Qd1+ 1/2-1/2

[Event "Euskadi-ch"]
[Site "Zornotza"]
[Date "2011.04.25"]
[Round "3"]
[White "Argandona Riveiro, Inigo"]
[Black "Gomez Esteban, Juan Mario"]
[Result "1-0"]
[WhiteElo "2389"]
[BlackElo "2477"]
[PlyCount "69"]
[EventDate "2011.04.23"]
[EventType "swiss"]
[EventRounds "7"]
[EventCountry "ESP"]
[SourceTitle "EXT 2018"]
[Source "ChessBase"]
[SourceDate "2017.10.13"]
[SourceVersion "1"]
[SourceVersionDate "2017.10.13"]
[SourceQuality "1"]

1. Nf3 f5 2. b3 d6 3. d4 Nf6 4. Bb2 g6 5. Nbd2 Bg7 6. g3 0-0 7. Bg2 Nc6 8. a4 e5 9. dxe5 Ng4 10. Nc4 d5 11. Ne3 Kh8 12. h4 h6 13. Qd2 Nxe3 14. fxe3 Be6 15. b4 Re8 16. b5 Ne7 17. Bd4 Qd7 18. Kf2 Rec8 19. Rhb1 a6 20. Qb4 b6 21. Ne1 a5 22. Qb2 Kg8 23. Nd3 g5 24. Rh1 Kf7 25. hxg5 hxg5 26. Rh5 Rh8 27. Rah1 Rxh5 28. Rxh5 Rh8 29. Rxh8 Bxh8 30. Qa1 Bg7 31. Qh1 Ng6 32. Bf3 g4 33. Qh5 gxf3 34. Nf4 Kg8 35. Qxg6 1-0

[Event "Euskadi-ch"]
[Site "Zornotza"]
[Date "2011.04.25"]
[Round "4"]
[White "Gomez Esteban, Juan Mario"]
[Black "Franco Alonso, Alejandro"]
[Result "1-0"]
[WhiteElo "2477"]
[BlackElo "2489"]
[PlyCount "159"]
[EventDate "2011.04.23"]
[EventType "swiss"]
[EventRounds "7"]
[EventCountry "ESP"]
[SourceTitle "EXT 2018"]
[Source "ChessBase"]
[SourceDate "2017.10.13"]
[SourceVersion "1"]
[SourceVersionDate "2017.10.13"]
[SourceQuality "1"]

1. d4 Nf6 2. c4 e6 3. Nc3 Bb4 4. f3 0-0 5. e4 d5 6. e5 Nfd7 7. f4 c5 8. cxd5 exd5 9. Nf3 cxd4 10. Nxd4 Nxe5 11. fxe5 Qh4+ 12. Ke2 Bc5 13. Be3 Bg4+ 14. Nf3 Bxf3+ 15. Kxf3 Bxe3 16. Kxe3 Nc6 17. g3 Qb4 18. Kf2 Qb6+ 19. Kg2 Qxb2+ 20. Ne2 Rfe8 21. Rg1 Nxe5 22. Qd4 Qc2 23. Rc1 Qxa2 24. Rc3 b5 25. Kh1 Nc4 26. Nf4 Rad8 27. Bg2 b4 28. Nh5 Ne5 29. Qxb4 d4 30. Ra3 Qe2 31. Nf4 Ng4 32. h3 Nf2+ 33. Kh2 Qe5 34. Rf1 Ne4 35. Re1 Qc5 36. Qxc5 Nxc5 37. Rxe8+ Rxe8 38. Ra5 Ne6 39. Nxe6 Rxe6 40. Rxa7 h5 41. Rd7 h4 42. gxh4 Rf6 43. Rxd4 Kh7 44. Rd7 g6 45. Kg3 Kg7 46. Bf3 Rf5 47. Bg4 Rf6 48. h5 g5 49. h4 gxh4+ 50. Kxh4 Kh6 51. Rc7 Rf4 52. Rc6+ f6 53. Kg3 Rf1 54. Bf3 Kg5 55. Rc5+ Kh6 56. Kf4 Rf2 57. Rc3 Rf1 58. Rc6 Kg7 59. Rc7+ Kh6 60. Rf7 Rf2 61. Rxf6+ Kg7 62. Rc6 Rf1 63. Kg4 Rg1+ 64. Kf5 Rf1 65. Kf4 Kh8 66. Ke3 Kg7 67. h6+ Kh8 68. Be4 Rf8 69. Rc7 Kg8 70. Kd4 Kh8 71. Ke5 Re8+ 72. Kf4 Rf8+ 73. Kg5 Rg8+ 74. Kf6 Rf8+ 75. Kg6 Rg8+ 76. Rg7 Rd8 77. Rh7+ Kg8 78. Re7 Kh8 79. Bd5 Rd6+ 80. Be6 1-0

[Event "Euskadi-ch"]
[Site "Zornotza"]
[Date "2011.04.24"]
[Round "2"]
[White "Gomez Esteban, Juan Mario"]
[Black "Prieto Aranguren, Alain"]
[Result "1-0"]
[WhiteElo "2477"]
[BlackElo "2219"]
[PlyCount "43"]
[EventDate "2011.04.23"]
[EventType "swiss"]
[EventRounds "7"]
[EventCountry "ESP"]
[SourceTitle "EXT 2018"]
[Source "ChessBase"]
[SourceDate "2017.10.13"]
[SourceVersion "1"]
[SourceVersionDate "2017.10.13"]
[SourceQuality "1"]

1. d4 d5 2. c4 Nc6 3. Nc3 dxc4 4. Nf3 Bg4 5. d5 Bxf3 6. exf3 Ne5 7. Bf4 Ng6 8. Bxc4 Nf6 9. Bg3 a6 10. 0-0 b5 11. Bxb5+ axb5 12. Nxb5 Rc8 13. Qa4 Qd7 14. Rfd1 Kd8 15. Rac1 Ne8 16. Qa5 Nd6 17. Na7 Ra8 18. b4 Rxa7 19. Qxa7 e5 20. dxe6 fxe6 21. Qb8+ Qc8 22. Qxc8+ 1-0

[Event "Euskadi-chT (Vasca) Div Honor"]
[Site "Bergara"]
[Date "2011.02.12"]
[Round "6.4"]
[White "Gomez Esteban, Juan Mario"]
[Black "Balado Kareaga, Inaki"]
[Result "1-0"]
[WhiteElo "2484"]
[BlackElo "1851"]
[PlyCount "67"]
[EventDate "2011.01.08"]
[EventType "team-tourn"]
[EventRounds "9"]
[EventCountry "ESP"]
[SourceTitle "EXT 2024"]
[Source "ChessBase"]
[SourceDate "2023.10.10"]
[SourceVersion "1"]
[SourceVersionDate "2023.10.10"]
[SourceQuality "1"]

1. d4 d5 2. c4 c6 3. Nf3 a6 4. Nbd2 Nf6 5. Qc2 g6 6. e4 dxe4 7. Nxe4 Nbd7 8. Nc3 Nb6 9. Be2 Bg7 10. 0-0 0-0 11. Bf4 e6 12. h3 Nbd7 13. Rad1 b5 14. b3 Bb7 15. Rfe1 Qb6 16. c5 Qa5 17. Bd6 Rfe8 18. Ne5 Bf8 19. Bxf8 Nxf8 20. Bf3 Nd5 21. Ne4 Qc7 22. Nd6 Re7 23. Qd2 f6 24. Ng4 h5 25. Ne3 Rd8 26. Nxd5 cxd5 27. Qf4 Nh7 28. h4 Bc6 29. Qg3 Rg7 30. Rxe6 b4 31. Rde1 Rf8 32. Ne8 Bxe8 33. Qxc7 Rxc7 34. Rxe8 1-0

[Event "Euskadi-chT (Vasca) Div Honor"]
[Site "Bergara"]
[Date "2011.02.05"]
[Round "5.3"]
[White "Gutierrez Bustillo, Diego"]
[Black "Gomez Esteban, Juan Mario"]
[Result "0-1"]
[WhiteElo "2029"]
[BlackElo "2484"]
[PlyCount "52"]
[EventDate "2011.01.08"]
[EventType "team-tourn"]
[EventRounds "9"]
[EventCountry "ESP"]
[SourceTitle "EXT 2024"]
[Source "ChessBase"]
[SourceDate "2023.10.10"]
[SourceVersion "1"]
[SourceVersionDate "2023.10.10"]
[SourceQuality "1"]

1. e4 c6 2. d4 d5 3. e5 Bf5 4. Nc3 e6 5. g4 Bg6 6. Nge2 Ne7 7. Be3 h5 8. f3 c5 9. Na4 cxd4 10. Nxd4 Nec6 11. Bb5 hxg4 12. Qd2 Qc7 13. f4 Be7 14. 0-0-0 Kf8 15. Nc3 Nxd4 16. Bxd4 Nc6 17. Ne2 Nb4 18. Ba4 Qc4 19. Bb3 Nxa2+ 20. Bxa2 Qxa2 21. Qc3 Be4 22. Rhf1 Rxh2 23. Rf2 Rh3 24. Qc7 Qa1+ 25. Kd2 Bb4+ 26. Bc3 Qxb2 0-1

[Event "Euskadi-chT (Vasca) Div Honor"]
[Site "Bergara"]
[Date "2011.01.08"]
[Round "1.4"]
[White "Tornay Gomez, Josu"]
[Black "Gomez Esteban, Juan Mario"]
[Result "0-1"]
[WhiteElo "2114"]
[BlackElo "2484"]
[PlyCount "124"]
[EventDate "2011.01.08"]
[EventType "team-tourn"]
[EventRounds "9"]
[EventCountry "ESP"]
[SourceTitle "EXT 2024"]
[Source "ChessBase"]
[SourceDate "2023.10.10"]
[SourceVersion "1"]
[SourceVersionDate "2023.10.10"]
[SourceQuality "1"]

1. c4 e5 2. Nc3 Nf6 3. g3 d5 4. cxd5 Nxd5 5. Bg2 Nb6 6. Nf3 Nc6 7. 0-0 Be6 8. d3 Be7 9. Be3 Nd5 10. Nxd5 Bxd5 11. Qa4 0-0 12. Rac1 f6 13. Bc5 Rf7 14. Rfd1 Kh8 15. e4 Be6 16. d4 Bxc5 17. d5 Bd6 18. dxe6 Re7 19. Qb3 Rb8 20. h4 Qg8 21. Bh3 Nd8 22. Qe3 b6 23. a3 Nxe6 24. b4 Qe8 25. Qb3 a5 26. Ra1 g6 27. Rab1 axb4 28. axb4 Kg7 29. Ra1 Nd8 30. Ne1 Nc6 31. Nc2 h5 32. Qc3 Nd4 33. Rd2 Qb5 34. Bf1 Qc6 35. Qxc6 Nxc6 36. b5 Na5 37. Rb1 Bc5 38. Nb4 Bxb4 39. Rxb4 Kf8 40. Be2 Ke8 41. f3 Rd8 42. Rxd8+ Kxd8 43. Kf2 Rd7 44. Ke3 Ke7 45. Bd3 Nb7 46. Be2 Nc5 47. g4 Ne6 48. gxh5 gxh5 49. Rb1 Nf4 50. Bf1 Rd4 51. Rc1 Kd7 52. Rb1 Ra4 53. Rd1+ Kc8 54. Rc1 Ra3+ 55. Kf2 Rd3 56. Rc6 Rd6 57. Rxd6 cxd6 58. Bc4 Kd7 59. Bf1 Ke6 60. Ke3 Ng6 61. Bh3+ Ke7 62. Kd3 Nf4+ 0-1

[Event "Benasque 12th"]
[Site "Benasque"]
[Date "2010.07.12"]
[Round "5"]
[White "Granda Zuniga, Julio E"]
[Black "Gomez Esteban, Juan Mario"]
[Result "1/2-1/2"]
[WhiteElo "2639"]
[BlackElo "2485"]
[PlyCount "177"]
[EventDate "2010.07.08"]
[EventType "tourn"]
[EventRounds "10"]
[EventCountry "ESP"]
[EventCategory "11"]
[SourceTitle "CBM 137 Extra"]
[Source "ChessBase"]
[SourceDate "2010.09.01"]
[SourceVersion "1"]
[SourceVersionDate "2010.09.01"]
[SourceQuality "1"]

1. Nf3 d5 2. g3 c5 3. c4 d4 4. Bg2 Nc6 5. 0-0 e5 6. e3 Nf6 7. exd4 exd4 8. d3 Be7 9. Na3 0-0 10. Nc2 Bf5 11. Re1 Qd7 12. b3 Rae8 13. Bb2 Bd6 14. Rxe8 Rxe8 15. b4 b6 16. b5 Na5 17. Qd2 Ne4 18. Qd1 Nf6 19. Bc1 h6 20. Nce1 Qe6 21. Bd2 Ng4 22. Nh4 Bh7 23. Bxa5 bxa5 24. Bd5 Qc8 25. Qd2 g5 26. Nhf3 Qf5 27. Rd1 Bc7 28. Ng2 Nf6 29. Bb7 Bg6 30. Nfe1 Bh5 31. f3 Bg6 32. Nc2 Kg7 33. Bc6 Re6 34. Qf2 Qh3 35. Nge1 h5 36. Rd2 h4 37. g4 Bf4 38. Qg2 Qxg2+ 39. Rxg2 h3 40. Rf2 Kf8 41. Kf1 a4 42. Be4 a6 43. Bc6 Ke7 44. Na3 Bc1 45. Nb1 axb5 46. Bxb5 a3 47. Nd2 Bxd2 48. Rxd2 Re3 49. Re2 Rxe2 50. Kxe2 Ng8 51. Bc6 f5 52. Kf2 f4 53. Ke2 Kd6 54. Ba4 Ne7 55. Nc2 Bh7 56. Be8 Nc8 57. Nxa3 Ke7 58. Bc6 Nd6 59. Bd5 Bg6 60. Nb1 Be8 61. Kd2 Ba4 62. Kc1 Kd7 63. Nd2 Kc7 64. Kb2 Bd1 65. Be4 Kb6 66. Bg6 Ka5 67. Kc1 Ba4 68. a3 Kb6 69. Ne4 Nxe4 70. dxe4 Bc6 71. Bf7 Kc7 72. Bd5 Ba4 73. e5 Kd7 74. Kd2 Ke7 75. Kd3 Be8 76. Ke2 Ba4 77. Kd2 Bb3 78. Kd3 Ba4 79. Kd2 Bb3 80. Kc1 Ba4 81. Kb2 Kd7 82. Kc1 Ke7 83. Kd2 Bb3 84. Kd3 Ba4 85. Bg8 Bc6 86. Bd5 Ba4 87. Kd2 Bb3 88. Kd3 Ba4 89. Kd2 1/2-1/2